<?xml version="1.0" encoding="UTF-8"?><?xml-stylesheet type="text/xsl" href="static/style.xsl"?><OAI-PMH xmlns="http://www.openarchives.org/OAI/2.0/" xmlns:xsi="http://www.w3.org/2001/XMLSchema-instance" xsi:schemaLocation="http://www.openarchives.org/OAI/2.0/ http://www.openarchives.org/OAI/2.0/OAI-PMH.xsd"><responseDate>2026-06-07T08:01:45Z</responseDate><request verb="GetRecord" identifier="oai:riuma.uma.es:10630/31127" metadataPrefix="marc">https://riuma.uma.es/rest/oai/request</request><GetRecord><record><header><identifier>oai:riuma.uma.es:10630/31127</identifier><datestamp>2026-02-03T10:49:09Z</datestamp><setSpec>com_10630_2254</setSpec><setSpec>col_10630_37953</setSpec></header><metadata><record xmlns="http://www.loc.gov/MARC21/slim" xmlns:dcterms="http://purl.org/dc/terms/" xmlns:doc="http://www.lyncode.com/xoai" xmlns:xsi="http://www.w3.org/2001/XMLSchema-instance" xsi:schemaLocation="http://www.loc.gov/MARC21/slim http://www.loc.gov/standards/marcxml/schema/MARC21slim.xsd">
   <leader>00925njm 22002777a 4500</leader>
   <datafield ind2=" " ind1=" " tag="042">
      <subfield code="a">dc</subfield>
   </datafield>
   <datafield ind2=" " ind1=" " tag="720">
      <subfield code="a">Lobach, Yulianna</subfield>
      <subfield code="e">author</subfield>
   </datafield>
   <datafield ind2=" " ind1=" " tag="720">
      <subfield code="a">Romero-Ramos, Óscar</subfield>
      <subfield code="e">author</subfield>
   </datafield>
   <datafield ind2=" " ind1=" " tag="720">
      <subfield code="a">Romero-Ramos, Néstor</subfield>
      <subfield code="e">author</subfield>
   </datafield>
   <datafield ind2=" " ind1=" " tag="720">
      <subfield code="a">Niźnikowski, Tomasz</subfield>
      <subfield code="e">author</subfield>
   </datafield>
   <datafield ind2=" " ind1=" " tag="720">
      <subfield code="a">Fernández-Rodríguez, Emilio</subfield>
      <subfield code="e">author</subfield>
   </datafield>
   <datafield ind2=" " ind1=" " tag="260">
      <subfield code="c">2023-12-27</subfield>
   </datafield>
   <datafield ind2=" " ind1=" " tag="520">
      <subfield code="a">Introduction. In general, during the theoretical content taught in different educational stages, students are seated for several hours and expository methods are used by the teacher. Under these conditions, emotions such as anxiety, boredom and loss of attention may appear. To improve this situation, several studies have shown that active breaks (AB) in class are a good option. Therefore, this research aims to evaluate the effect of AB with dance in the classroom on the emotional state and attention level of university students. Material and methods. A crossover design was employed where the type of rest (active vs. passive) was compared in two class groups for a total of 68 students (age 20.7 ± 1.7 years, 50% female). The variables studied were the level of attention and emotional state, assessed using the d2 test and the mood rating scale (EVEA). A multilevel linear model was applied and Cohen’s d was calculated for the statistical analysis. Results. Although there was an improvement in the level of attention with the implementation of AB with dance (p > 0.05, |d| = 0.15-0.28), this was not significant. In the emotional state, a decrease in the level of sadness was found (p > 0.05; d = - 0.16) without statistical significance. Conclusions. The application of AB with dance in the classroom provides a way to increase students’ physical activity levels without negatively affecting the level of attention. Further studies with theoretical classes of longer duration and in a longer intervention period could provide new data on the benefits of AB with dance.</subfield>
   </datafield>
   <datafield ind1="8" ind2=" " tag="024">
      <subfield code="a">https://hdl.handle.net/10630/31127</subfield>
   </datafield>
   <datafield ind1="8" ind2=" " tag="024">
      <subfield code="a">10.2478/pjst-2023-0025</subfield>
   </datafield>
   <datafield tag="653" ind2=" " ind1=" ">
      <subfield code="a">Atención</subfield>
   </datafield>
   <datafield tag="653" ind2=" " ind1=" ">
      <subfield code="a">Ejercicio físico - Aspectos psicológicos</subfield>
   </datafield>
   <datafield tag="653" ind2=" " ind1=" ">
      <subfield code="a">Estudiantes universitarios</subfield>
   </datafield>
   <datafield ind2="0" ind1="0" tag="245">
      <subfield code="a">Impact of Active Break with Guided Dance in University Classes.</subfield>
   </datafield>
</record>
</metadata></record></GetRecord></OAI-PMH>